000 00407nam a2200169Ia 4500
003 GCL
008 140319s9999 xx 000 0 eng d
040 _aGCL /
_cGCL
082 0 4 _a759
_bM M
100 1 _aMAURIAC, FRANCOIS
245 1 0 _aMARIETTE LYDIS /
_cMAURIAC, FRANCOIS
260 _a[S.N] :
_bVIAU ،
_c1945
650 0 4 _aARTS
650 0 4 _aPAINTING
650 0 4 _aLYDIS, MARIETTE
942 _2ddc
_cBK
999 _c20722
_d20722